Things Cut in Half Quiz Stats

 Plays Quiz Updated Feb 19, 2015

Challenge
Share
Tweet
Score 0/20 Timer 05:00
0 Plays Today
% Correct
Lighter
97.4%
iPhone
96.8%
Tortoise
96.1%
Photocopier
95.2%
BBQ grill
93.8%
Coffee & donuts
93.4%
Ramen noodles
93.2%
Bullets
91.3%
Soup cans
89.9%
Corn dog
89.7%
% Correct
Hand grenade
88.1%
Squirt gun
87%
VHS tape
86.3%
The atom
81.3%
Sea shell
80.2%
Camera lens
77.2%
Baseball
69.3%
Engine block
66.4%
Cigar
46.3%
CT scanner
34.8%

You're not logged in!

Compare scores with friends on all Sporcle quizzes.
OR
Log In

You Might Also Like...

Show Comments

Extras

Top Quizzes Today


Score Distribution

Your Account Isn't Verified!

In order to create a playlist on Sporcle, you need to verify the email address you used during registration. Go to your Sporcle Settings to finish the process.

Report this User

Report this user for behavior that violates our Community Guidelines.

Details: